<?xml version="1.0" encoding="UTF-8"?>
<record
    xmlns:xsi="http://www.w3.org/2001/XMLSchema-instance"
    xsi:schemaLocation="http://www.loc.gov/MARC21/slim http://www.loc.gov/standards/marcxml/schema/MARC21slim.xsd"
    xmlns="http://www.loc.gov/MARC21/slim">

  <leader>01792cam a2200217   4500500</leader>
  <controlfield tag="005">20260329021707.0</controlfield>
  <datafield tag="041" ind1=" " ind2=" ">
    <subfield code="a">fre</subfield>
  </datafield>
  <datafield tag="042" ind1=" " ind2=" ">
    <subfield code="a">dc</subfield>
  </datafield>
  <datafield tag="100" ind1="1" ind2="0">
    <subfield code="a">Raulet-Marcel, Caroline</subfield>
    <subfield code="e">author</subfield>
  </datafield>
  <datafield tag="245" ind1="0" ind2="0">
    <subfield code="a">&#xC9;crire ensemble&#xA0;: un d&#xE9;fi au service de la construction d&#x2019;une posture auctoriale</subfield>
  </datafield>
  <datafield tag="260" ind1=" " ind2=" ">
    <subfield code="c">2018.
							</subfield>
  </datafield>
  <datafield tag="500" ind1=" " ind2=" ">
    <subfield code="a">5</subfield>
  </datafield>
  <datafield tag="520" ind1=" " ind2=" ">
    <subfield code="a">Dans la perspective des programmes de 2015, l&#x2019;article analyse un projet d&#x2019;&#xE9;criture collective men&#xE9; durant l&#x2019;ann&#xE9;e 2013-2014 en cycle 3 d&#x2019;&#xE9;cole primaire, en montrant en quoi certaines des r&#xE9;centes pr&#xE9;conisations minist&#xE9;rielles ent&#xE9;rinent le travail d&#xE9;j&#xE0; engag&#xE9; sur le terrain sous l&#x2019;impulsion des recherches en didactique de l&#x2019;&#xE9;criture. Il s&#x2019;agit d&#x2019;insister tout particuli&#xE8;rement sur les enjeux et les modalit&#xE9;s d&#x2019;un dispositif peu d&#xE9;taill&#xE9; dans les programmes&#xA0;: l&#x2019;&#xE9;criture collective. L&#x2019;instauration d&#x2019;une communaut&#xE9; de scripteurs est un puissant levier dans l&#x2019;&#xE9;mergence d&#x2019;une posture d&#x2019;auteur collective et singuli&#xE8;re. Le travail propos&#xE9; aux &#xE9;l&#xE8;ves ouvre un espace de dialogue cr&#xE9;atif et r&#xE9;flexif au sein de la classe, dialogue entre pairs mais aussi dialogue avec les &#x153;uvres litt&#xE9;raires. Les interactions suscit&#xE9;es par les phases de cr&#xE9;ation collective rendent possible mais aussi visible un processus d&#x2019;&#xE9;criture-r&#xE9;&#xE9;criture tr&#xE8;s riche, &#xE0; travers lequel se r&#xE9;v&#xE8;le et se forge la conscience esth&#xE9;tique et stylistique des &#xE9;l&#xE8;ves.</subfield>
  </datafield>
  <datafield tag="690" ind1=" " ind2=" ">
    <subfield code="a">auteur</subfield>
  </datafield>
  <datafield tag="690" ind1=" " ind2=" ">
    <subfield code="a">&#xE9;criture litt&#xE9;raire</subfield>
  </datafield>
  <datafield tag="690" ind1=" " ind2=" ">
    <subfield code="a">interactions</subfield>
  </datafield>
  <datafield tag="690" ind1=" " ind2=" ">
    <subfield code="a">programmes</subfield>
  </datafield>
  <datafield tag="690" ind1=" " ind2=" ">
    <subfield code="a">projet collectif</subfield>
  </datafield>
  <datafield tag="786" ind1="0" ind2=" ">
    <subfield code="n">Le fran&#xE7;ais aujourd'hui | 202 | 3 | 2018-08-29 | p. 53-64 | 0184-7732</subfield>
  </datafield>
  <datafield tag="856" ind1="4" ind2="1">
    <subfield code="u">https://shs.cairn.info/revue-le-francais-aujourd-hui-2018-3-page-53?lang=fr&amp;redirect-ssocas=7080</subfield>
  </datafield>
  <datafield tag="999" ind1=" " ind2=" ">
    <subfield code="c">1914449</subfield>
    <subfield code="d">1914449</subfield>
  </datafield>
</record>
